Languages of the Byzantine Empire with a Map - Statistics

General Stats
  • This quiz has been taken 6,450 times
  • The average score is 13 of 31
Answers on the Map
Answers color-coded by a green-red scale on the quiz's map according to % correct below.
 
Answer Stats
Languages % Correct
Doric Greek
99%
Koine Greek
99%
Arabic
94%
Italo-Dalmatian
94%
Coptic
88%
Armenian
77%
Georgian
72%
Middle Aramaic
70%
Sardinian
66%
Proto-Albanian
52%
Middle Persian
50%
Thracian
47%
Dacian
46%
Gothic
40%
Abazgi
37%
Kurdish
35%
{African} Romance
32%
Ancient Cappadocian
32%
Vandalic
30%
Galatian
22%
{Eastern} Berber
20%
{Eastern} Romance
20%
Kabyle
19%
{Western} Romance
18%
Beja
15%
Isaurian
14%
Svan
14%
Atlas
11%
Colchidian
9%
Gepid
7%
Zenati
6%
No matching quizzes found
Score Distribution
Percent of People with Each Score
Percentile by Number Answered
Your Score History
You have not taken this quiz